The Joy of photographing people / (Record no. 6172)
[ view plain ]
| 000 -LEADER | |
|---|---|
| fixed length control field | 00810nam a22002778a 4500 |
| 001 - CONTROL NUMBER | |
| control field | 9683329 |
| 003 - CONTROL NUMBER IDENTIFIER | |
| control field | OSt |
| 005 - DATE AND TIME OF LATEST TRANSACTION | |
| control field | 20190116094118.0 |
| 008 - FIXED-LENGTH DATA ELEMENTS--GENERAL INFORMATION | |
| fixed length control field | 830608s1983 mau b 001 0 eng |
| 010 ## - LIBRARY OF CONGRESS CONTROL NUMBER | |
| LC control number | 83-12215 |
| 020 ## - INTERNATIONAL STANDARD BOOK NUMBER | |
| International Standard Book Number | 0201116944 |
| 020 ## - INTERNATIONAL STANDARD BOOK NUMBER | |
| International Standard Book Number | 0201116952 (pbk.) |
| 035 ## - SYSTEM CONTROL NUMBER | |
| System control number | 4750616 |
| 040 ## - CATALOGING SOURCE | |
| Original cataloging agency | DLC |
| Transcribing agency | DLC |
| Modifying agency | m/c |
| -- | OSU |
| 050 ## - LIBRARY OF CONGRESS CALL NUMBER | |
| Classification number | TR575 |
| Item number | .J64 1983 |
| 050 00 - LIBRARY OF CONGRESS CALL NUMBER | |
| Classification number | TR575 |
| Item number | .J64 1983 |
| 082 ## - DEWEY DECIMAL CLASSIFICATION NUMBER | |
| Classification number | 778.9 |
| Item number | E13J |
| 245 04 - TITLE STATEMENT | |
| Title | The Joy of photographing people / |
| Statement of responsibility, etc. | the editors of Eastman Kodak Company |
| 260 ## - PUBLICATION, DISTRIBUTION, ETC. | |
| Place of publication, distribution, etc. | Reading, Mass. : |
| Name of publisher, distributor, etc. | Addison-Wesley Pub. Co., |
| Date of publication, distribution, etc. | 1983 |
| 300 ## - PHYSICAL DESCRIPTION | |
| Extent | 240 p. : |
| Other physical details | ill. (some col.) ; |
| Dimensions | 26 cm |
| 500 ## - GENERAL NOTE | |
| General note | Includes index |
| 504 ## - BIBLIOGRAPHY, ETC. NOTE | |
| Bibliography, etc. note | Includes bibliographical references (p. 236-237) |
| 650 #0 - SUBJECT ADDED ENTRY--TOPICAL TERM | |
| Topical term or geographic name entry element | Portrait photography |
| 710 20 - ADDED ENTRY--CORPORATE NAME | |
| Corporate name or jurisdiction name as entry element | Eastman Kodak Company |
| 942 ## - ADDED ENTRY ELEMENTS (KOHA) | |
| Source of classification or shelving scheme | Dewey Decimal Classification |
| Koha item type | Books |
| Withdrawn status | Lost status | Source of classification or shelving scheme | Damaged status | Not for loan | Collection code | Home library | Current library | Shelving location | Date acquired | Cost, normal purchase price | Total Checkouts | Full call number | Barcode | Date last seen | Price effective from | Koha item type |
|---|---|---|---|---|---|---|---|---|---|---|---|---|---|---|---|---|
| Dewey Decimal Classification | Non-fiction | Harvest Mission College | Harvest Mission College | General Stacks | 16.01.2019 | 850.00 | 778.9 E13J | 008212 | 17.01.2019 | 16.01.2019 | Books |
